000 00561nam a22001577a 4500
003 0
005 20231106140412.0
008 221004b xxu||||| |||| 00| 0 eng d
050 _aHV547
_b.Si55 2022
100 _aJessa Qina P. Silvestre
245 _aFinancial management practices and aspects of challenges of micro enterprises in Paranaque City
_cJessa Qina P. Silvestre
260 _aLas Pinas City, Philippines
_bSouthville International School and Colleges
_cC2022
300 _aix,115pp.
_c28cm.
_fTheses
500 _aMicro enterprises.
942 _2lcc
_cTH
999 _c364822
_d364822